Joyce and the Bible
| Main Author: | |
|---|---|
| Format: | Print Book |
| Language: | English |
| Subito Delivery Service: | Order now. |
| Check availability: | HBZ Gateway |
| WorldCat: | WorldCat |
| Interlibrary Loan: | Interlibrary Loan for the Fachinformationsdienste (Specialized Information Services in Germany) |
| Published: |
DeKalb, Ill.
Northern Illinois Univ. Press
1967
|
| In: | Year: 1967 |
| Standardized Subjects / Keyword chains: | B
Joyce, James 1882-1941
/ Bible
|
MARC
| LEADER | 00000cam a2200000 c 4500 | ||
|---|---|---|---|
| 001 | 1072081237 | ||
| 003 | DE-627 | ||
| 005 | 20251224214824.0 | ||
| 007 | tu | ||
| 008 | 850101s1967 xx ||||| 00| ||eng c | ||
| 035 | |a (DE-627)1072081237 | ||
| 035 | |a (DE-576)002081237 | ||
| 035 | |a (DE-599)BSZ002081237 | ||
| 035 | |a (OCoLC)00272435 | ||
| 040 | |a DE-627 |b ger |c DE-627 |e rakwb | ||
| 041 | |a eng | ||
| 082 | 0 | |a 823 | |
| 084 | |a 1 |2 ssgn | ||
| 084 | |a HM 3135 |2 rvk |0 (DE-625)rvk/50971:11852 | ||
| 100 | 1 | |a Moseley, Virginia |4 aut | |
| 191 | |a 1 | ||
| 245 | 1 | 0 | |a Joyce and the Bible |c Virginia Moseley |
| 264 | 1 | |a DeKalb, Ill. |b Northern Illinois Univ. Press |c 1967 | |
| 300 | |a XII, 158 S. | ||
| 336 | |a Text |b txt |2 rdacontent | ||
| 337 | |a ohne Hilfsmittel zu benutzen |b n |2 rdamedia | ||
| 338 | |a Band |b nc |2 rdacarrier | ||
| 583 | 1 | |a Archivierung/Langzeitarchivierung gewährleistet |f SSG |x XA-DE-BW |2 pdager |5 DE-21 | |
| 689 | 0 | 0 | |d p |0 (DE-588)118558501 |0 (DE-627)133463923 |0 (DE-576)208979492 |2 gnd |a Joyce, James |d 1882-1941 |
| 689 | 0 | 1 | |d u |0 (DE-588)4006406-2 |0 (DE-627)106377604 |0 (DE-576)208865497 |a Bibel |2 gnd |
| 689 | 0 | |5 (DE-627) | |
| 936 | r | v | |a HM 3135 |b Sekundärliteratur |k Anglistik. Amerikanistik |k Englische Literatur |k Frühes 20. Jahrhundert (1900 - ca.1950) |k Literaturgeschichte |k Einzelne Autoren |k Autoren J |k Joyce, James |k Joyce, James |k Sekundärliteratur |0 (DE-627)1271486032 |0 (DE-625)rvk/50971:11852 |0 (DE-576)201486032 |
| 951 | |a BO | ||
| ELC | |b 1 | ||
| ITA | |a 1 |t 1 | ||
| LOK | |0 000 xxxxxcx a22 zn 4500 | ||
| LOK | |0 001 2015494790 | ||
| LOK | |0 003 DE-627 | ||
| LOK | |0 004 1072081237 | ||
| LOK | |0 005 19981113000000 | ||
| LOK | |0 008 971213||||||||||||||||ger||||||| | ||
| LOK | |0 040 |a DE-21 |c DE-627 |d DE-21 | ||
| LOK | |0 852 |a DE-21 | ||
| LOK | |0 852 1 |c 13 A 9204 |9 00 | ||
| LOK | |0 935 |a kram |a konv | ||
| LOK | |0 939 |a 13-12-97 |b l01 | ||
| LOK | |0 000 xxxxxcx a22 zn 4500 | ||
| LOK | |0 001 2015494804 | ||
| LOK | |0 003 DE-627 | ||
| LOK | |0 004 1072081237 | ||
| LOK | |0 005 19981119000000 | ||
| LOK | |0 008 860322||||||||||||||||ger||||||| | ||
| LOK | |0 035 |a (DE-21-108)84f060098 | ||
| LOK | |0 040 |a DE-21-108 |c DE-627 |d DE-21-108 | ||
| LOK | |0 092 |o l | ||
| LOK | |0 541 |e 120/68 | ||
| LOK | |0 852 |a DE-21-108 | ||
| LOK | |0 852 1 |c NS 451.806 |m p |9 00 | ||
| LOK | |0 936ln |0 1288842341 |a NS 451 | ||
| LOK | |0 938 |k p | ||
| LOK | |0 939 |a 22-03-86 |b l01 | ||
| ORI | |a SA-MARC-ixtheoa001.raw | ||
| REL | |a 1 | ||
| STA | 0 | 0 | |a Bible |
| SUB | |a REL | ||
| SYG | 0 | 0 | |a Tzoÿs, Tzeēms,1882-1941,Joyce, James A.,1882-1941,Joyce, James Augustine Aloysius,1882-1941,Dixon, Vladimir,1882-1941,Scheuß, Schämes,1882-1941,Džoiss, Džeimss,1882-1941,G'ois, G'ems,1882-1941,Ǧūys, Ǧaimz,1882-1941,Zhanmusi Qiaoyisi,1882-1941,Qiaoyisi,1882-1941,Džojs, D.,1882-1941,Džojs, Džejms,1882-1941,Joisu, Jeimuzu,1882-1941,Gʹois, Gʹaims,1882-1941,Joyce, James Augustine,1882-1941,Joyce, James Augustin Aloisius,1882-1941 , Bible for Today's Family,Contemporary English version bible,CEV,New International Reader's,NIrV,NIV,N.I.V.,New International Version Bible,English Standard Version,ESV,ESV Bible,Holy Bible, English Standard Version,Schlachter-Bibel,Schlachterbibel,Zürcher Bibel,Bibel,Handschrift,Arras,Bibliothèque Municipale,Ms. 559,Saint-Vaast Bible,Vatopediu,Athos, Bibliothek,Cod. 1582,Bibbia di Ripoll,Ripoll Bibel,La bible nouvellement translatée avec annotations,Bibel,Althochdeutsch,Glosse,Basel,Universitätsbibliothek,Cod. N I 3 Nr. 97a,Bibelglossatur M,Basel,Universitätsbibliothek,Cod. N I 3 Nr. 97a,Bibel,Handschrift,Breslau,Universitätsbibliothek,Ms. M 1106,Bibel,Bibel,Bibel,Bibel,Bibel,Bibel,Bibel in gerechter Sprache,Itala,Bibel,Bibel,Bibel,Bibel,King James Version,Authorized Version,Authorised Version,KJV,KJB,King James Bible,King-James-Bibel,Zwingli-Bibel,Zwinglibibel,Zürcher Bibelübersetzung,Bibel,Neues Testament,Lutherbibel,Luther-Bibel,Biblia, das ist, die gantze heilige Schrifft Deudsch,Einheitsübersetzung,Einheitsübersetzung der Heiligen Schrift,Biblia,Heilige Schrift,Bible,Die Bibel,Die Heilige Schrift,La Sainte Bible,La Soncha Scrittüra,Biblia Sacra,La Bible,The Holy Bible,Sveto pismo Staroga i Novoga zaveta,Biblia święta,Biblí svatá,Biblija,La Sacra Bibbia,La Santa Biblia,Die Heiligen Schriften des Alten und Neuen Bundes,Die Heiligen Schriften,Die gantze Heilige Schrifft Deudsch,Die ganze Heilige Schrifft,Kitāb-i muqaddas,al- Kitab al-muqaddas,Seisho,Müqäddäs kitab,Beibel,Bībele |